Statistiques concernant Culture Générale - Série 1062

Cliquez ici pour prendre le quiz!

Statistiques générales

  • Ce quiz a été pris 77 fois
  • Le résultat moyen est 8 sur 10

Statistiques - réponses

QuestionRéponse% Correct
Quand une personne est condamnée à des T.I.G., elle doit effectuer des travaux d'intérêt...Général
96%
Synonyme d'"animal", elle peut être "de scène", "à concours", ou "humaine" chez Zola. Qui est-elle ?bête
96%
Quel pays l'Allemagne nazie envahit-elle, le 1er septembre 1939 ?Pologne
95%
Dans la BD "Les Bijoux de la Castafiore" de Hergé, quel animal est Coco ?perroquet
92%
De quel légume dit-on familièrement avoir le coeur, quand on est inconstant en amour ?artichaut
91%
Appelé "Rondelle" au Canada, "puck" en anglais, comment appelle-t-on en France l'objet plat et rond servant de "balle" au hockey sur glace ?palet
88%
Comment s'appellent les habitants de la ville de Grasse, dans les Alpes-Maritimes ?Grassois
80%
Taudis, maison ou habitation misérable, logement en ruine, délabré, insalubre, dont l'anagramme est "amuser"masure
72%
Quel héros de Rabelais est le fils de Gargamelle ?Gargantua
72%
En 2006, Jordy Lemoine sort une autobiographie intitulée : "Je ne suis plus un...bébé
69%

Distribution des résultats

Percentile par nombre de réponses

% des personnes avec chaque résultat

Votre développement - résultats

Vous n’avez pas pris ce quiz